Statistics for Groups of ... Quiz 1

Click here to take the quiz!

General Stats

  • This quiz has been taken 31 times
  • The average score is 14 of 24

Answer Stats

HintAnswer% Correct
Languages of SingaporeEnglish
93%
Languages of SingaporeMandarin
93%
Regions of BelgiumFlemish Region
89%
Indian Subcontinent CountriesPakistan
89%
Indian Subcontinent CountriesSri Lanka
89%
Indian Subcontinent CountriesBangladesh
86%
Indian Subcontinent CountriesIndia
86%
Indian Subcontinent CountriesNepal
86%
Indian Subcontinent CountriesBhutan
82%
Languages of SingaporeMalay
82%
Indian Subcontinent CountriesMaldives
64%
Types of Blood Cellswhite blood cells
57%
Regions of BelgiumWalloon Region
54%
Types of Blood Cellsred blood cells
50%
Japanese Writing Systemkanji
43%
Japanese Writing Systemhiragana
39%
Types of Blood Cellsplatelets
39%
Regions of BelgiumBrussels Capital Region
32%
Japanese Writing Systemkatakana
32%
Four Ps of Marketingprice
32%
Four Ps of Marketingproduct
29%
Languages of SingaporeTamil
29%
Four Ps of Marketingplace
14%
Four Ps of Marketingpromotion
11%

Score Distribution

Percentile by Number Answered

Percent of People with Each Score

Your Score History

You have not taken this quiz